Social Work Research for Social Justice : (Record no. 618456)

MARC details
000 -LEADER
fixed length control field 00486nam a2200181 a 4500
008 - FIXED-LENGTH DATA ELEMENTS--GENERAL INFORMATION
fixed length control field 260330s2008##################000#0#eng##
020 ## - INTERNATIONAL STANDARD BOOK NUMBER
ISBN 9781403949356
082 04 - DEWEY DECIMAL CLASSIFICATION NUMBER
Classification number 361.3072
Item number HUM
100 1# - MAIN ENTRY--AUTHOR NAME
Personal name Humphries, Beth,
245 10 - TITLE STATEMENT
Title Social Work Research for Social Justice :
260 ## - PUBLICATION, DISTRIBUTION, ETC. (IMPRINT)
Name of publisher Red Globe Press,
Year of publication 2008.
650 #0 - SUBJECT ADDED ENTRY--TOPICAL TERM
Topical Term Education.
942 ## - ADDED ENTRY ELEMENTS (KOHA)
Koha item type English Books
Holdings
Withdrawn status Lost status Damaged status Not for loan Home library Current library Shelving location Date acquired Full call number Accession Number Price effective from Koha item type
        Anna Centenary Library Anna Centenary Library 4TH FLOOR, A WING 30.03.2026 361.3072 HUM 320179 30.03.2026 English Books

Find us on the map